[Event "Interzonal-15"]
[Site "Manila"]
[Date "1990.??.??"]
[Round "2"]
[White "Vaganian, Rafael A"]
[Black "Lobron, Eric"]
[Result "1-0"]
[WhiteElo "2630"]
[BlackElo "2535"]
[Annotator "Stohl,I"]
[PlyCount "103"]
[EventDate "1990.06.29"]
[EventType "swiss"]
[EventRounds "13"]
[EventCountry "PHI"]
[SourceTitle "CBM 019"]
[Source "ChessBase"]
[SourceDate "1990.12.01"]
[SourceVersion "1"]
[SourceVersionDate "1990.12.01"]
[SourceQuality "1"]

1. c4 e5 2. Nc3 Bb4 3. Nd5 $5 (3. Qc2) (3. Qb3 $5) (3. g3 Bxc3 4. bxc3 d6 5.
Bg2 f5 6. d3 Nf6 7. Nh3 Nc6 8. Rb1 O-O 9. O-O Qe8 10. f3 b6 11. Nf2 Be6 12. f4
Rd8 13. Re1 Ne7 14. a4 $6 (14. e4 $13) 14... Bd7 15. a5 Ba4 16. Qd2 Bc6 $15 {
Vaganjan-Gulko,Moscow GMA 1990}) 3... Ba5 (3... Bc5 4. e3 (4. Nf3) (4. b4) 4...
Nf6 5. Ne2 c6 6. Nxf6+ Qxf6 7. d4 exd4 8. exd4 Bb6 9. Be3 d5 10. Nc3 Be6 11. c5
Bc7 12. Be2 Nd7 13. O-O O-O $10 {Smejkal-Timman,Zagreb/Rijeka 1985}) 4. b4 (4.
Nf3 c6 5. Ne3 $5 e4 6. Nd4 Nf6 7. g3 d5 8. cxd5 Nxd5 (8... cxd5 $5) 9. Bg2 O-O
10. O-O Nf4 11. gxf4 Qxd4 12. Qc2 $14 {Romanishin-Hodgson,Moscow 1987}) 4... c6
5. bxa5 cxd5 6. cxd5 (6. Nf3 $5 e4 (6... d6 $2 7. Qa4+ Bd7 8. Qb4 Bc6 9. Ba3
$16) (6... Qxa5 7. Nxe5 d6 8. Nf3 dxc4 9. Bb2 f6 10. e4 $146) 7. Nd4 dxc4 8.
Nb5 d5 9. Ba3 (9. Bb2 Kf8 $5) 9... Ne7 10. Nd6+ Kf8 $13) 6... Qxa5 7. e4 $5 {N}
(7. Qb3 Nf6 8. Nf3 d6 9. Ba3 Ne4 10. e3 O-O 11. Rc1 Nd7 $5 (11... Na6 $6 12.
Bxa6 Qxa6 13. Rc4 Nc5 14. Bxc5 dxc5 15. e4 $14 {Smejkal-Dely,Hradec Kralove
1981}) 12. Qb4 (12. Bb5 Ndc5 13. Qb4 Qxb4 14. Bxb4 Bd7 $1) 12... Qxb4 13. Bxb4
Nb6 14. d3 Nxd5 15. Ba3 Nc5 $146 (15... Nec3 $5)) 7... Nf6 8. f3 d6 9. Ne2 (9.
Qb3 $5 O-O (9... Nbd7 10. Ba3 Nc5 11. Qb5+ $14) 10. Ba3 Ne8 11. Rc1 Na6 $132 {
/\f5}) 9... Na6 10. Nc3 Nc5 (10... Bd7 $5 11. Rb1 Nc5 12. Nb5 $6 Ke7 $1 (12...
Qxa2 $2 13. Nxd6+ Ke7 14. Rb2 $16)) 11. a4 (11. Bb5+ Bd7) (11. Nb5 $6 Ke7 $8 (
11... Qb6 12. d4 exd4 13. Bf4 $16) 12. Bb2 (12. a4 a6 13. Nc3 b5 $36) (12. Ba3
Bd7 13. Bxc5 dxc5 14. Nc3 b5 {/\Se8-d6-/+}) 12... a6 (12... Bd7 13. Bc3 Qa4 14.
d4 exd4 15. Qxa4 Nxa4 16. Bxd4 $14) 13. Bc3 Qa4 (13... Qb6 14. Na3 $40) 14. d4
Qxd1+ 15. Rxd1 Ncxe4 $1 (15... axb5 16. dxc5 Rxa2 17. Bxb5 $36) 16. dxe5 axb5
17. fxe4 Nxe4 $15) 11... O-O (11... Bd7 12. Ba3 Ke7 $2 13. Rb1 $1 {/\Lb4,
d4->><e7}) 12. Ba3 Bd7 13. Qb1 (13. Bb5 Rfc8 $1 (13... Bxb5 14. Nxb5 Qb6 15. d4
exd4 16. Qxd4 $14 {><d6}) 14. O-O a6 $10) 13... Rfc8 14. Bb5 Qc7 (14... a6 15.
Bb4 Qc7 16. Be2 $5 a5 $6 17. Bxc5 Qxc5 18. Bb5 Qd4 19. Ke2 $1 $14) (14... Qd8
$5 $10) 15. O-O a6 16. Bxd7 Nfxd7 17. Kh1 (17. f4 $6 Nb6 $1 18. fxe5 dxe5 {
/\Sc4-d6}) 17... Rab8 18. Bb4 Qb6 (18... b5 $2 19. axb5 axb5 20. Ra2 $1 {
/\La5,Tb2 ><b5}) (18... Qd8 19. f4 $14 exf4 $2 20. d4 a5 $8 21. Ba3 Na6 22. Nb5
$16) 19. Ra2 Qd8 20. f4 f6 (20... Nf6 21. Rb2 $5) 21. f5 $14 {()} Qe8 22. Qd1
Kh8 23. h3 (23. d3 {/\g4,Tg2->}) 23... Qe7 24. Qb1 Rg8 25. d3 Rgc8 (25... g6
26. Raf2) 26. Rc1 Rc7 27. Rb2 b6 (27... Rbc8 $6 28. Ba5 Nxa4 29. Rxb7 $1 (29.
Bxc7 Nxb2 30. Ba5 Nc5 $1) 29... Nxc3 (29... Rxc3 30. Bxc3 Rxc3 31. Rxc3 Nxc3
32. Rb8+ Nf8 33. Qb7 $18) 30. Rxc7 Rxc7 31. Rxc3 Rxc3 32. Bxc3 $16 {><d6,a6}) (
27... Rcc8 $32) 28. Ne2 $1 Rbc8 29. Rbc2 Kg8 30. Rc3 Qd8 31. a5 $6 (31. Qc2 $1
{/\d4+/-} a5 (31... Nb8 32. a5) 32. Ba3 Nb8 33. Rc4 $5 (33. d4 Nca6) 33... Nba6
34. Qb1 $16 {/\Sc3-b5}) 31... Rb7 $1 $132 (31... b5 32. d4 $16) 32. Bxc5 Rxc5 (
32... Nxc5 33. d4 exd4 34. Nxd4 bxa5 $2 35. Qxb7) 33. d4 Rxc3 34. Rxc3 exd4 $2
(34... Rc7 $2 35. Rc6) (34... b5 $1 35. Qb4 (35. Qc1 Qxa5 36. Rc8+ Kf7 37. Qc6
Qb6 38. Ra8 Rc7) 35... Nb8 36. dxe5 (36. Rc6 $5 $146) 36... fxe5 $10 {/\Tc7})
35. Nxd4 $36 Nc5 (35... b5 36. Qb4 Nc5 37. Ne6 $16) 36. Ne6 Qb8 37. Rg3 Kh8 (
37... bxa5 $2 38. Rxg7+ Kh8 39. Rxb7 Qxb7 40. Qa1 $1 Nxe4 41. Qa4 $18) 38. Qc2
h6 $6 (38... bxa5 39. Nxc5 dxc5 (39... Rc7 $2 40. Qb3) 40. Qxc5 $16 Rb5 41. Qe7
Rb7 42. Qe6 Rb6 43. d6 $1 Rxd6 44. Qe7 g6 45. e5 Rb6 46. fxg6 hxg6 47. exf6 Rb7
48. Qe3 $40) 39. Kh2 $5 (39. e5 $3 dxe5 (39... bxa5 40. exf6 gxf6 41. Qe2 $18 {
->}) (39... fxe5 40. f6 gxf6 (40... Nxe6 41. dxe6 gxf6 42. Rc3 $1 $18) 41. Qg6
Nxe6 42. dxe6 Qf8 43. axb6 Re7 (43... Rxb6 44. e7) 44. Rc3 Rxe6 45. b7 Re8 46.
Qxe8 $18) 40. axb6 Nxe6 (40... Nd7 41. Rxg7 Nxb6 42. Rg6 $18) 41. fxe6 Rxb6 (
41... e4 42. Qxe4 $1 Qxg3 43. e7 $18) 42. e7 Qe8 43. Qc7 {/\d6+-}) 39... bxa5 (
39... b5 $5) 40. Nxc5 Qc7 (40... dxc5 41. Qxc5 Kh7 (41... Rb5 42. Qe7 Rb7 43.
Qe6 Rb6 44. d6 $18) 42. d6 Rd7 43. e5 $1 fxe5 44. Qxe5 Qxd6 45. Rxg7+ Kh8 46.
Re7+ $1 Qxe5+ 47. Rxe5 a4 48. Ra5 $18) 41. e5 $1 $18 dxc5 (41... Qxc5 42. Qxc5
dxc5 43. e6 $18) (41... fxe5 42. f6 Qxc5 43. Qg6 $18) 42. d6 Qd8 (42... Qc6 43.
exf6 Qxd6 (43... gxf6 44. Qd2 $18) 44. Qe4 Rd7 45. Qe8+ Kh7 46. Qg6+ Kg8 47.
f7+ $1) 43. Qxc5 fxe5 (43... Rd7 44. exf6 Qxf6 45. Rg6 $18) 44. Qxe5 a4 45. f6
$1 gxf6 (45... Qxf6 46. Qe8+ Kh7 47. Qe4+) 46. Qe6 a5 (46... Rd7 47. Rg6 Rxd6
48. Qf7 $18) 47. Rg6 a3 48. Rxf6 a2 49. Rxh6+ Rh7 50. Qe5+ Kg8 51. Rg6+ Kf8 52.
Qe6 $1 {(I.Stohl)} 1-0

[Event "Moscow4"]
[Site "Moscow"]
[Date "1991.??.??"]
[Round "?"]
[White "Vaganian, Rafael A"]
[Black "Zlotnikov, Mikhail"]
[Result "1-0"]
[WhiteElo "2585"]
[BlackElo "2330"]
[PlyCount "79"]
[EventDate "1991.??.??"]
[EventType "swiss"]
[EventRounds "9"]
[EventCountry "URS"]
[SourceTitle "TD"]
[Source "ChessBase"]
[SourceDate "1994.03.01"]
[SourceVersion "1"]
[SourceVersionDate "1994.03.01"]
[SourceQuality "1"]

1. d4 Nf6 2. c4 g6 3. Nc3 Bg7 4. e4 d6 5. f3 c6 6. Be3 Nbd7 7. Qd2 Qa5 8. Rb1
O-O 9. Nh3 a6 10. Nf2 b5 11. b4 Qc7 12. a4 bxc4 13. Bxc4 a5 14. b5 cxb5 15.
Bxb5 Nb6 16. O-O Bd7 17. Rfc1 Qd8 18. Qa2 Bxb5 19. Nxb5 Nfd7 20. Ng4 d5 21. Nc7
e6 22. Nxa8 Qxa8 23. e5 Nc4 24. Bg5 Qa7 25. Qf2 Rb8 26. Kh1 Rb4 27. Qh4 Qb8 28.
Ra1 Ncxe5 29. dxe5 h5 30. Be7 hxg4 31. Bxb4 axb4 32. f4 b3 33. Rab1 Qb4 34. Rc7
Nf8 35. Rf1 Qe4 36. Qe7 Qf5 37. a5 b2 38. Qxf7+ Qxf7 39. Rxf7 Kxf7 40. a6 1-0

[Event "Porz op 26th"]
[Site "Cologne"]
[Date "1991.??.??"]
[Round "6"]
[White "Vaganian, Rafael A"]
[Black "Roeder, Mathias"]
[Result "1-0"]
[WhiteElo "2585"]
[BlackElo "2435"]
[PlyCount "77"]
[EventDate "1991.08.10"]
[EventType "swiss"]
[EventRounds "9"]
[EventCountry "GER"]
[SourceTitle "EXT 1997"]
[Source "ChessBase"]
[SourceDate "1996.11.15"]
[SourceVersion "1"]
[SourceVersionDate "1996.11.15"]
[SourceQuality "1"]

1. Nf3 Nf6 2. c4 g6 3. Nc3 Bg7 4. g3 O-O 5. Bg2 d6 6. O-O Nc6 7. Rb1 d5 8. cxd5
Nxd5 9. Nxd5 Qxd5 10. b3 Bf5 11. d3 Qd7 12. Bb2 Bh3 13. Bxh3 Qxh3 14. Qc2 Bxb2
15. Rxb2 Qd7 16. Qc4 Rfd8 17. Rc1 a6 18. Rbc2 Kg7 19. b4 Qd5 20. Qc3+ f6 21.
Qb2 Rd7 22. a4 Qd6 23. Rc4 e5 24. Nd2 Nd8 25. Ne4 Qe7 26. Nc5 Rd6 27. b5 axb5
28. axb5 c6 29. Rb4 Rd5 30. Na4 Rxb5 31. Rxb5 cxb5 32. Nb6 Ra6 33. Nd5 Qd6 34.
Rc7+ Kh6 35. Qc1+ g5 36. Ne7 Qa3 37. Qe3 Ne6 38. Rxb7 Qb4 39. Qf3 1-0

[Event "Oviedo Fischer Blitz"]
[Site "Oviedo"]
[Date "1992.??.??"]
[Round "?"]
[White "Hjartarson, Johann"]
[Black "Vaganian, Rafael A"]
[Result "0-1"]
[WhiteElo "2595"]
[BlackElo "2615"]
[PlyCount "88"]
[EventDate "1992.??.??"]
[EventType "swiss"]
[EventRounds "3"]
[EventCountry "ESP"]
[SourceTitle "EXT 1997"]
[Source "ChessBase"]
[SourceDate "1996.11.15"]
[SourceVersion "1"]
[SourceVersionDate "1996.11.15"]
[SourceQuality "1"]

1. d4 Nf6 2. c4 c5 3. d5 b5 4. cxb5 a6 5. bxa6 Bxa6 6. Nc3 g6 7. Nf3 Bg7 8. e4
Bxf1 9. Kxf1 d6 10. h3 O-O 11. Kg1 Nbd7 12. Kh2 Qa5 13. Re1 Nb6 14. Re2 Nfd7
15. Rc2 Nc4 16. Qe2 Qa6 17. Rb1 Rfb8 18. b3 Nce5 19. Qxa6 Nxf3+ 20. gxf3 Rxa6
21. Bd2 Ne5 22. Kg2 Nd3 23. Nd1 Ra3 24. Bc3 Rba8 25. Rd2 Nf4+ 26. Kg3 Nh5+ 27.
Kg2 Rxa2 28. Rxa2 Rxa2 29. Bxg7 Nf4+ 30. Kg3 Ne2+ 31. Kg2 Kxg7 32. b4 c4 33. b5
c3 34. Ne3 Rb2 35. Re1 Nf4+ 36. Kg3 Ne2+ 37. Kg2 Nd4 38. Rc1 Nxb5 39. f4 Rb4
40. f3 Rb2+ 41. Kg3 Re2 42. Nc2 f5 43. exf5 gxf5 44. Nb4 Kf6 0-1

[Event "Oviedo rapid45"]
[Site "Oviedo"]
[Date "1992.??.??"]
[Round "8"]
[White "Vaganian, Rafael A"]
[Black "Danailov, Silvio"]
[Result "1-0"]
[WhiteElo "2590"]
[BlackElo "2445"]
[PlyCount "69"]
[EventDate "1992.??.??"]
[EventType "swiss (rapid)"]
[EventRounds "11"]
[EventCountry "ESP"]
[SourceTitle "TD"]
[Source "ChessBase"]
[SourceDate "1994.03.01"]
[SourceVersion "1"]
[SourceVersionDate "1994.03.01"]
[SourceQuality "1"]

1. Nf3 d6 2. g3 g6 3. Bg2 Bg7 4. c4 Nf6 5. O-O O-O 6. Nc3 c6 7. d3 a6 8. Rb1 b5
9. Nd4 d5 10. cxd5 cxd5 11. Bg5 Bb7 12. Qd2 Nbd7 13. Nb3 Rc8 14. Rfc1 Qb6 15.
Be3 Qd6 16. d4 Qb8 17. a4 Bc6 18. Na5 e6 19. Nxc6 Rxc6 20. axb5 axb5 21. Qd3 b4
22. Na4 Rfc8 23. Rxc6 Rxc6 24. Rc1 Qc7 25. Rxc6 Qxc6 26. b3 Bf8 27. f3 Ne8 28.
Bd2 Nc7 29. e3 Be7 30. Bf1 Bf8 31. Kf2 Bd6 32. Be2 Kg7 33. Nb2 Qa8 34. Qb1 Qa3
35. Na4 1-0

[Event "Ter Apel"]
[Site "Ter Apel"]
[Date "1992.??.??"]
[Round "5"]
[White "Van der Sterren, Paul"]
[Black "Vaganian, Rafael A"]
[Result "0-1"]
[WhiteElo "2535"]
[BlackElo "2590"]
[PlyCount "76"]
[EventDate "1992.03.??"]
[EventType "tourn"]
[EventRounds "5"]
[EventCountry "NED"]
[EventCategory "14"]
[SourceTitle "CBM 030"]
[Source "ChessBase"]
[SourceDate "1992.10.01"]
[SourceVersion "1"]
[SourceVersionDate "1992.10.01"]
[SourceQuality "1"]

1. Nf3 Nf6 2. c4 c5 3. Nc3 Nc6 4. g3 d5 5. d4 e6 6. cxd5 Nxd5 7. Bg2 Be7 8. O-O
O-O 9. Nxd5 exd5 10. dxc5 Bxc5 11. Bg5 Qb6 12. Rc1 d4 13. Nd2 h6 14. Nc4 Qa6
15. Bf4 Qxa2 16. Ne5 Bb6 17. Nxc6 bxc6 18. Bxc6 Bh3 19. Bxa8 Bxf1 20. Kxf1 Rxa8
21. Qc2 Re8 22. b3 Qa5 23. Qc6 Re6 24. Qc8+ Kh7 25. Qc2+ g6 26. Qd3 Kg7 27. f3
g5 28. Bd2 Qe5 29. Rc4 Rf6 30. Bc1 g4 31. Bf4 Qh5 32. Kg2 Qh3+ 33. Kg1 gxf3 34.
exf3 Re6 35. Rc2 h5 36. g4 hxg4 37. Rg2 Re1+ 38. Kf2 Re2+ 0-1

[Event "Neu Isenburg op"]
[Site "Neu Isenburg"]
[Date "1992.04.24"]
[Round "3"]
[White "Lazarev, Vladimir"]
[Black "Vaganian, Rafael A"]
[Result "0-1"]
[WhiteElo "2445"]
[BlackElo "2590"]
[PlyCount "72"]
[EventDate "1992.04.24"]
[EventType "swiss (rapid)"]
[EventRounds "11"]
[EventCountry "GER"]
[SourceTitle "EXT 2003"]
[Source "ChessBase"]
[SourceDate "2002.11.25"]
[SourceVersion "1"]
[SourceVersionDate "2002.11.25"]
[SourceQuality "1"]

1. d4 Nf6 2. c4 e6 3. Nc3 d5 4. Nf3 Be7 5. Bg5 h6 6. Bh4 O-O 7. e3 b6 8. Rc1
Bb7 9. Be2 Nbd7 10. O-O c5 11. cxd5 Nxd5 12. Bg3 N7f6 13. Bd3 Rc8 14. Qe2 cxd4
15. exd4 Nb4 16. Bb5 a6 17. Ba4 Nbd5 18. Ne5 Nxc3 19. bxc3 Qd5 20. Nf3 Qa5 21.
Bb3 Rxc3 22. Ne5 Bd5 23. Rxc3 Qxc3 24. Qxa6 Qxd4 25. Bxd5 Nxd5 26. Nc6 Qc5 27.
Nxe7+ Nxe7 28. Qa7 Nd5 29. Qd7 Ra8 30. h3 Qa3 31. Be5 Qa4 32. Qb7 Qa6 33. Qd7
Rc8 34. a4 Qa8 35. Rb1 Rc2 36. Qb5 Ne3 0-1

[Event "Neu Isenburg op"]
[Site "Neu Isenburg"]
[Date "1992.04.25"]
[Round "5"]
[White "Luther, Thomas"]
[Black "Vaganian, Rafael A"]
[Result "0-1"]
[WhiteElo "2490"]
[BlackElo "2590"]
[PlyCount "78"]
[EventDate "1992.04.24"]
[EventType "swiss (rapid)"]
[EventRounds "11"]
[EventCountry "GER"]
[SourceTitle "EXT 2003"]
[Source "ChessBase"]
[SourceDate "2002.11.25"]
[SourceVersion "1"]
[SourceVersionDate "2002.11.25"]
[SourceQuality "1"]

1. e4 e6 2. d4 d5 3. Nc3 Bb4 4. e5 b6 5. Bd2 Qd7 6. Bb5 c6 7. Ba4 Bxc3 8. Bxc3
a5 9. a3 Ba6 10. Bd2 Bb5 11. Bxb5 cxb5 12. Qg4 Kf8 13. Qe2 Ne7 14. Qd3 Na6 15.
Ne2 Nc7 16. O-O Nf5 17. b3 h5 18. a4 Kg8 19. Nc3 bxa4 20. Nxa4 Rb8 21. b4 axb4
22. Bxb4 Qb5 23. Qd2 Ra8 24. Bd6 Rxa4 25. Bxc7 Rxa1 26. Rxa1 Qb2 27. Qd1 Qxd4
28. Ra8+ Kh7 29. Qxh5+ Nh6 30. Rxh8+ Kxh8 31. h3 Qc5 32. Bd8 Qxc2 33. g4 Kg8
34. Bg5 Qb1+ 35. Kh2 Qb2 36. Bxh6 Qxf2+ 37. Kh1 gxh6 38. Qxh6 Qe1+ 39. Kg2 Qxe5
0-1

[Event "Neu Isenburg op"]
[Site "Neu Isenburg"]
[Date "1992.04.25"]
[Round "6"]
[White "Vaganian, Rafael A"]
[Black "Dokhoian, Yury"]
[Result "1-0"]
[WhiteElo "2590"]
[BlackElo "2545"]
[PlyCount "83"]
[EventDate "1992.04.24"]
[EventType "swiss (rapid)"]
[EventRounds "11"]
[EventCountry "GER"]
[SourceTitle "EXT 2003"]
[Source "ChessBase"]
[SourceDate "2002.11.25"]
[SourceVersion "1"]
[SourceVersionDate "2002.11.25"]
[SourceQuality "1"]

1. Nf3 d5 2. g3 c5 3. Bg2 Nc6 4. d4 Nf6 5. O-O Bg4 6. dxc5 e6 7. Be3 Ne4 8. Nd4
Nxc5 9. c4 Nxd4 10. Bxd4 dxc4 11. Na3 Be7 12. f3 Bf5 13. Bxg7 Rg8 14. Bc3 Qc7
15. e4 Bg6 16. Nxc4 Nxe4 17. Qa4+ Kf8 18. fxe4 Qc5+ 19. Kh1 b5 20. Qa6 Qxc4 21.
Rac1 Bxe4 22. Bg7+ Kxg7 23. Rxc4 Bxg2+ 24. Kxg2 bxc4 25. Qxc4 Bf6 26. b3 Be5
27. Qg4+ Kh8 28. Qh5 f6 29. Qf7 Rac8 30. Qxa7 Ra8 31. Qf2 h5 32. Kh3 Rg5 33.
Rd1 Rg7 34. Rd3 Rag8 35. Qd2 h4 36. g4 f5 37. gxf5 exf5 38. Rd5 Ba1 39. Rxf5
Rg6 40. Rh5+ Kg7 41. Qd7+ Kf8 42. Rc5 1-0

[Event "Neu Isenburg op"]
[Site "Neu Isenburg"]
[Date "1992.04.26"]
[Round "10"]
[White "Vaganian, Rafael A"]
[Black "Hector, Jonny"]
[Result "1-0"]
[WhiteElo "2590"]
[BlackElo "2535"]
[PlyCount "75"]
[EventDate "1992.04.24"]
[EventType "swiss (rapid)"]
[EventRounds "11"]
[EventCountry "GER"]
[SourceTitle "EXT 2003"]
[Source "ChessBase"]
[SourceDate "2002.11.25"]
[SourceVersion "1"]
[SourceVersionDate "2002.11.25"]
[SourceQuality "1"]

1. Nf3 d5 2. g3 c6 3. Bg2 Bg4 4. d3 Nd7 5. O-O e6 6. b3 Bd6 7. Bb2 Ne7 8. Bxg7
Rg8 9. Bb2 Ng6 10. e4 h5 11. h3 Bxf3 12. Qxf3 h4 13. exd5 cxd5 14. d4 Nf6 15.
Nd2 Nh7 16. Rae1 Ng5 17. Qxd5 Nxh3+ 18. Kh1 hxg3 19. Rxe6+ Be7 20. Qxd8+ Rxd8
21. Rxe7+ Nxe7 22. Bxh3 g2+ 23. Bxg2 Rd6 24. Ne4 Rh6+ 25. Kg1 f5 26. Bc1 Rhg6
27. Ng5 Rxg5 28. Bxg5 Rxg5 29. Re1 Kd7 30. Kf1 b6 31. Bf3 Ng6 32. Re3 Nh4 33.
c4 f4 34. Rd3 Kd6 35. b4 Nf5 36. c5+ Kc7 37. d5 bxc5 38. bxc5 1-0

[Event "Neu Isenburg op"]
[Site "Neu Isenburg"]
[Date "1992.04.26"]
[Round "11"]
[White "Vaganian, Rafael A"]
[Black "Shabalov, Alexander"]
[Result "1-0"]
[WhiteElo "2590"]
[BlackElo "2535"]
[PlyCount "95"]
[EventDate "1992.04.24"]
[EventType "swiss (rapid)"]
[EventRounds "11"]
[EventCountry "GER"]
[SourceTitle "EXT 2003"]
[Source "ChessBase"]
[SourceDate "2002.11.25"]
[SourceVersion "1"]
[SourceVersionDate "2002.11.25"]
[SourceQuality "1"]

1. Nf3 f5 2. g3 Nf6 3. Bg2 g6 4. c4 Bg7 5. O-O O-O 6. Nc3 d6 7. d3 h6 8. b4 g5
9. Bb2 e5 10. Nd2 Nc6 11. b5 Nd4 12. e3 Ne6 13. Nd5 f4 14. Re1 Nc5 15. Nb3 Na4
16. Ba3 Ng4 17. Nd2 Nb6 18. Ne4 h5 19. Nxc7 Qxc7 20. Bxd6 Qd8 21. Bxf8 Bxf8 22.
h3 Nf6 23. Nxg5 fxg3 24. fxg3 Bh6 25. h4 Bxg5 26. hxg5 Ng4 27. Qf3 Qe7 28. Rac1
Nd7 29. Qd5+ Kg7 30. c5 Nf8 31. c6 Be6 32. Qc5 Qxc5 33. Rxc5 b6 34. Rc3 Ng6 35.
c7 Rf8 36. d4 Ne7 37. d5 Bd7 38. d6 Nc8 39. Bc6 Bxc6 40. Rxc6 Rf7 41. Rf1 Rd7
42. e4 Kg8 43. Rf3 Kg7 44. Kg2 Kg8 45. Kh3 Kg7 46. Kh4 Nh2 47. Rf5 Kg8 48. g6
1-0

[Event "Moscow rapid"]
[Site "Moscow"]
[Date "1992.??.??"]
[Round "?"]
[White "Gorbatov, Alexej"]
[Black "Vaganian, Rafael A"]
[Result "0-1"]
[WhiteElo "2375"]
[BlackElo "2615"]
[PlyCount "38"]
[EventDate "1992.08.??"]
[EventType "swiss (rapid)"]
[EventRounds "9"]
[EventCountry "RUS"]
[SourceTitle "EXT 1997"]
[Source "ChessBase"]
[SourceDate "1996.11.15"]
[SourceVersion "1"]
[SourceVersionDate "1996.11.15"]
[SourceQuality "1"]

1. Nf3 Nf6 2. c4 e6 3. g3 d5 4. b3 a5 5. a3 a4 6. b4 dxc4 7. Qc2 b5 8. Bg2 Bb7
9. Nc3 c6 10. Bb2 Nbd7 11. O-O Be7 12. Rfd1 Qb6 13. d3 cxd3 14. Rxd3 c5 15.
Rad1 Rd8 16. bxc5 Bxc5 17. e3 O-O 18. Nd4 Bxg2 19. Kxg2 Qb7+ {(...)} 0-1

[Event "Porz Citroen-Cup"]
[Site "Cologne"]
[Date "1992.??.??"]
[Round "6"]
[White "Vaganian, Rafael A"]
[Black "Holzke, Frank"]
[Result "1-0"]
[WhiteElo "2615"]
[BlackElo "2400"]
[Annotator "Bulletin"]
[PlyCount "75"]
[EventDate "1992.08.??"]
[EventType "tourn"]
[EventRounds "9"]
[EventCountry "GER"]
[EventCategory "9"]
[SourceTitle "CBM 031"]
[Source "ChessBase"]
[SourceDate "1992.12.01"]
[SourceVersion "1"]
[SourceVersionDate "1992.12.01"]
[SourceQuality "1"]

1. d4 Nf6 2. c4 g6 3. Nf3 Bg7 4. g3 O-O 5. Bg2 c5 6. d5 d6 7. O-O e6 8. dxe6
Bxe6 9. Ng5 Bxc4 10. Bxb7 Nbd7 11. Na3 Rb8 12. Nxc4 Rxb7 13. Qxd6 Nb6 14. Qxd8
Rxd8 15. Na5 Rbd7 16. Be3 (16. Nf3 Ne4 $132) 16... Ng4 $5 17. Bxc5 Rd5 18. Nc6
(18. Ne4 f5 19. Nc6 fxe4 20. Nxd8 Rxc5 21. Ne6 Rc2 $132) 18... Rxc5 19. Nxd8
Rxg5 20. Rac1 Ra5 (20... Bxb2 21. Rc7 Rf5 22. Rxa7 $16) 21. Rc7 Ne5 22. Rd1
Rxa2 23. f4 (23. Nb7 Bf6) 23... Ned7 (23... Nec4 24. Nxf7 Rxb2 25. Rd8+ Bf8 26.
Nh6+ $18) 24. Rdxd7 Nxd7 25. Rxd7 f5 (25... Rxb2 26. e4 Bf6 27. Nxf7 $16) 26.
Kf2 Rxb2 (26... Bxb2 27. Rd2 a5 28. Nc6 a4 $2 29. Nb4 $18) 27. Ne6 Bf6 28. Rxa7
Rb6 29. Ng5 Bxg5 30. fxg5 Rb4 31. h3 Re4 32. Kf3 Rb4 33. g4 fxg4+ 34. hxg4 Rb5
35. Kf4 Rb8 36. e4 Rf8+ (36... Rb5 37. Rd7 Ra5 38. Rd5 Ra4 39. Ke5) 37. Ke5
Re8+ 38. Kd5 $138 (38. Kd5 Rd8+ 39. Ke6 Re8+ 40. Re7 Ra8 41. Rd7 Ra6+ 42. Rd6
Ra8 43. e5 Re8+ 44. Kf6 Rf8+ 45. Ke7 Rf4 46. e6 Rxg4 47. Kd8 Ra4 48. e7 $18)
1-0

[Event "EU-chT (Men) 10th"]
[Site "Debrecen"]
[Date "1992.11.??"]
[Round "8.1"]
[White "Gheorghiu, Florin"]
[Black "Vaganian, Rafael A"]
[Result "0-1"]
[WhiteElo "2500"]
[BlackElo "2590"]
[PlyCount "62"]
[EventDate "1992.11.20"]
[EventType "team-swiss"]
[EventRounds "9"]
[EventCountry "HUN"]
[SourceTitle "EU-chT"]
[Source "ChessBase"]
[SourceDate "1999.07.01"]
[SourceVersion "2"]
[SourceVersionDate "1999.07.01"]
[SourceQuality "1"]
[WhiteTeam "Romania"]
[BlackTeam "Armenia"]
[WhiteTeamCountry "ROU"]
[BlackTeamCountry "ARM"]

1. d4 e6 2. Nf3 d5 3. c4 c6 4. Qc2 f5 5. g3 Nf6 6. Bg2 Bd6 7. Bf4 Bxf4 8. gxf4
O-O 9. Nbd2 Ne4 10. e3 Nd7 11. h4 a5 12. Ne5 Nxe5 13. fxe5 Nxd2 14. Qxd2 dxc4
15. Rc1 b5 16. Bxc6 Rb8 17. d5 Qc7 18. a4 bxa4 19. f4 Rb4 20. Qd4 Ba6 21. Qc5
Rc8 22. O-O Rxb2 23. Rf2 Qb8 24. Qa3 Rxf2 25. Kxf2 Qb4 26. Qxb4 axb4 27. d6 a3
28. Bd7 a2 29. Bxe6+ Kf8 30. Bxc8 Bxc8 31. Rxc4 Be6 0-1

[Event "Ter Apel"]
[Site "Ter Apel"]
[Date "1993.??.??"]
[Round "3"]
[White "Hansen, Curt"]
[Black "Vaganian, Rafael A"]
[Result "0-1"]
[WhiteElo "2610"]
[BlackElo "2615"]
[Annotator "Ribli,Z"]
[PlyCount "132"]
[EventDate "1993.03.??"]
[EventType "tourn"]
[EventRounds "5"]
[EventCountry "NED"]
[EventCategory "14"]
[SourceTitle "CBM 035"]
[Source "ChessBase"]
[SourceDate "1993.08.01"]
[SourceVersion "1"]
[SourceVersionDate "1993.08.01"]
[SourceQuality "1"]

1. c4 e5 2. Nc3 d6 3. Nf3 f5 4. d4 e4 5. Ng1 c6 6. Nh3 Na6 7. g3 Be7 8. Bg2 Nf6
9. O-O Nc7 (9... O-O 10. d5 c5 $2 (10... Nc7 $5) 11. f3 $14 {Lautier,J-Magem
Badals,J/Pamplona/1992/CBM33/INF56,29/}) 10. d5 O-O 11. f3 b5 $5 12. cxb5 (12.
dxc6 $5 bxc4 13. fxe4 fxe4 (13... Nxe4 14. Nf4 $13) 14. Bg5 d5 15. Nf4 $13)
12... Nxb5 13. Nxb5 (13. dxc6 Qb6+ 14. Kh1 Nxc3 15. bxc3 Qxc6 $13) 13... cxb5
14. Be3 Qa5 (14... Bb7 15. Nf4 $1 $14) 15. Nf4 Bd8 16. Kh1 (16. Qe1 $5) 16...
Bb6 17. Bd2 (17. Bd4 $5) 17... Qa4 18. Qxa4 bxa4 19. Bb4 g5 $1 20. Nh3 exf3 21.
exf3 Nxd5 22. Bd2 (22. f4 Nxb4 23. Bxa8 g4 24. Ng1 Ba6 $17) 22... Ne3 23. Bxe3
Bxe3 24. f4 Rb8 25. Nxg5 h6 26. Bd5+ Kh8 27. Nf3 Bd7 28. Rfe1 Rfe8 29. Nh4 Kg7
30. b3 Kf6 31. Rad1 Bf2 32. Rxe8 Rxe8 33. Kg2 Bc5 34. bxa4 Bxa4 35. Rd2 a5 36.
h3 Bb4 $15 37. Rb2 Re3 38. g4 Rd3 39. Bb7 fxg4 40. hxg4 Bd7 41. Be4 Rd4 42. g5+
hxg5 43. fxg5+ Ke5 44. Nf3+ Kxe4 45. Re2+ Kd3 46. Nxd4 Kxd4 47. g6 Bc6+ 48. Kf2
Bd5 49. g7 Kd3 50. a4 (50. Re8 $5) 50... Bc3 51. Re7 Bf6 52. Rc7 Ke4 53. Ke2
Be6 54. Ra7 Kd4 55. Rc7 Ke5 56. Ra7 d5 57. Kd3 Bg8 58. Ke2 d4 59. Kd3 Bh7+ 60.
Kc4 Ke4 61. Rxa5 d3 62. Rh5 Bg8+ 63. Kb5 d2 64. Rh1 Bxg7 65. a5 Bd4 66. a6 Bd5
0-1